|
|
|
|
| LEADER |
00000nab a2200000 ar4500 |
| 001 |
vtls009006124 |
| 003 |
SK-MaSNL |
| 005 |
20260303065727.0 |
| 008 |
070710c2007 xo qr|p|||||||000 b|slo |
| 015 |
|
|
|a SNBRB2007/07
|
| 038 |
|
|
|a SNKBUCL
|
| 040 |
|
|
|a SNKBUCL
|b slo
|e AACR2
|c SNKBUCL
|
| 041 |
0 |
|
|a slo
|
| 044 |
|
|
|a xo
|c SK
|
| 080 |
|
|
|a 316.3
|2 1997
|
| 080 |
|
|
|a 316.342.6-055.2
|2 1997
|
| 100 |
1 |
|
|a Uháľ, Martin
|4 aut
|9 48548
|
| 245 |
1 |
0 |
|a Pozitívna diskriminácia žien
|c Martin Uháľ
|
| 504 |
|
|
|a Bibliogr. odkazy
|
| 650 |
0 |
7 |
|a ženy
|2 snkbucl
|9 4865
|
| 650 |
0 |
7 |
|a ženy a spoločnosť
|2 snkbucl
|9 77777
|
| 650 |
0 |
7 |
|a spoločnosť
|2 snkbucl
|9 1013
|
| 650 |
0 |
7 |
|a ženy a ekonomika
|2 snkbucl
|9 1066178
|
| 773 |
0 |
|
|t Viera a život
|g Roč. XVII, č. 3 (2007), s. 62-73
|x 1335-6771
|
| 852 |
|
|
|a SNK
|b KIS3GCP
|
| 958 |
|
|
|a SK
|
| 958 |
|
|
|a NT
|
| 958 |
|
|
|a NB
|
| 999 |
|
|
|c 1752385
|d 1754315
|